Statistics for Roman Emperors

Click here to take the quiz!

General Stats

  • This quiz has been taken 26,905 times
  • The average score is 20 of 84

Answer Stats

Reign Emperor % Correct
54 - 68Nero
90%
27 BC – 14 ADAugustus
88%
37 - 41Caligula
68%
41 - 54Claudius
65%
268 - 270Claudius Gothicus
65%
306 - 337Constantine I
64%
337 - 340Constantine II
64%
474 - 475Julius Nepos
63%
161 - 180Marcus Aurelius
57%
117 - 138Hadrian
55%
14 - 37Tiberius
53%
98 - 117Trajan
44%
249 - 251Trajan Decius
43%
222 - 235Severus Alexander
40%
138 - 161Antoninus Pius
39%
193 - 211Septimius Severus
38%
177 - 192Commodus
37%
79 - 81Titus
36%
379 - 395Theodosius I
35%
69 - 79Vespasian
35%
306 - 307Severus II
35%
402 - 450Theodosius II
35%
96 - 98Nerva
33%
461 - 465Libius Severus
33%
475 - 476Romulus Augustulus
32%
284 - 305Diocletian
29%
81 - 96Domitian
27%
68 - 69Galba
26%
69Otho
25%
424 - 455Valentinian III
23%
360 - 363Julian II
23%
375 - 392Valentinian II
23%
364 - 375Valentinian I
23%
161- 169Lucius Verus
21%
198 - 217Caracalla
21%
69Vitellius
21%
218 - 222Elagabalus
18%
337 - 361Constantius II
17%
421Constantius III
17%
244 - 249Philip the Arab
17%
305 - 306Constantius I Chlorus
17%
364 - 378Valens
15%
193Pertinax
15%
270 - 275Aurelian
15%
253 - 260Valerian
15%
235 - 238Maximinus I
14%
337 - 350Constans I
14%
238 - 244Gordian III
14%
238Gordian II
14%
238Gordian I
14%
311 - 313Maximinus II
14%
193Didius Julianus
14%
209 - 211Geta
14%
393 - 423Honorius
13%
306 - 312Maxentius
13%
286 - 305Maximian
13%
217 - 218Macrinus
12%
275 - 276Tacitus
11%
276Florian
10%
238Pupienus
10%
238Balbinus
10%
251 - 253Trebonianus Gallus
10%
383 - 408Arcadius
10%
305 - 311Galerius
10%
282 - 283Carus
10%
363 - 364Jovian
10%
276 - 282Probus
9%
367 - 383Gratian
9%
253 - 268Gallienus
9%
308 - 324Licinius I
9%
283 - 284Numerian
9%
283 - 285Carinus
8%
450 - 457Marcian
8%
251Hostilian
8%
270Quintillus
8%
253Aemilian
8%
423 - 425Joannes
7%
457 - 461Majorian
7%
350Vetranio
6%
455Petronius Maximus
6%
455 - 456Avitus
6%
467 - 472Anthemius
6%
472 - 472Olybrius
6%
473 - 474Glycerius
6%

Score Distribution

Percentile by Number Answered

Percent of People with Each Score

Your Score History

You have not taken this quiz